Mestá Košického kraja 1999.

Uložené v:
Podrobná bibliografia
Médium: Kniha
Jazyk:Slovak
Vydané: Košice : Krajská správa Štatistického úradu SR v Košiciach, 2000
Vydanie:1. vyd.
Témy:
ISBN: (brož.)
Fyzický popis: 108 s.
Tagy: Pridať tag
Žiadne tagy, Buďte prvý kto otaguje tento záznam!

MARC

LEADER 00000nam a2200000 a 4500
001 000024321
003 SVKK
005 20001205000000.0
008 001103s2000 xo e sloo
020 |a (brož.) 
040 |a SVKKK  |b slo  |c SVKKK  |e AACR2 
041 0 |a slo 
044 |a xo  |c SK 
080 |a 311.313(437.67)  |2 1997 
245 0 0 |a Mestá Košického kraja 1999. 
250 |a 1. vyd. 
260 |a Košice :  |b Krajská správa Štatistického úradu SR v Košiciach,  |c 2000 
300 |a 108 s. 
653 0 |a štatistika  |2 SVKKKPH 
653 0 |a mestá  |2 SVKKKPH 
653 0 |a Slovensko východné  |2 SVKKKPH 
653 0 |a publikácie informačné  |2 SVKKKPH 
655 7 |a informačné publikácie  |2 SVKKKPH 
910 |a svkkk 
974 |a UH  |d 20001201 
974 |a KL  |d 20001128 
974 |a MI  |d 20001205 
998 |a BK 
090 |g SCKHL  |k Sklad Pribinova 3. posch.  |a V.205996  |j 935832  |i 2720182416  |s Absenčne